000 00801nam a22002057a 4500
005 20161206100030.0
010 _aENG-116299
020 _a9789350357521
_c1495.00
035 _aEN-99831
037 _bDBAD/PUB
082 _a347.540502468
100 _aJain, M.P.
245 _aThe code of civil procedure :
_cby M.P.Jain
_bincorporating the commercial courts, commercial division and Commercial Appellate Division of High Courts Act 2015 as applicable to commercial disputes /
250 _a4th. ed by Medha Kolhatkar
260 _aGurgaon
_bLexisNexis
_c2016
270 _a14th Floor, Building No.10, Tower-B, DLF Cyber City, Phase-II
_bGurgaon (Haryana)
_e122002
300 _acxIviii,1937p.
_c24cm(Hb)
500 _aIncludes index
942 _2ddc
_cEN
_mJAI
_h347.540502468
999 _c104230
_d104230